|
|
|
|
| LEADER |
01108nam a2200289 a 4500 |
| 001 |
GR-Patra8328 |
| 008 |
991022s1981 gr 000 0 gre d |
| 040 |
|
|
|a GrPaTEI
|b gre
|c GR-PaULI
|
| 245 |
0 |
0 |
|a Δύο + δύο δεν κάνουν τέσσερα :
|b ψυχολογία για εφήβους.
|
| 260 |
|
|
|a Αθήνα :
|b Οδυσσέας,
|c 1981
|
| 300 |
|
|
|a 184σ.
|
| 500 |
|
|
|a Τίτλος πρωτοτύπου: Due + due non fa quattro
|
| 650 |
|
4 |
|a ΕΦΗΒΕΙΑ
|
| 650 |
|
4 |
|a Εφηβεία
|
| 650 |
|
4 |
|a Εφηβική ψυχολογία
|
| 650 |
|
4 |
|a Οικογένεια
|
| 650 |
|
4 |
|a ΣΥΜΠΕΡΙΦΟΡΑ
|
| 650 |
|
4 |
|a Ψυχολογία
|
| 700 |
1 |
|
|a Cancrini, M. G.
|
| 700 |
1 |
|
|a Harrison, L.
|
| 700 |
1 |
|
|a Γκανά, Πόπη
|
| 700 |
1 |
|
|a Λοβέρδου, Σοφία
|
| 710 |
0 |
|
|a Οδυσσέας
|
| 942 |
|
|
|2 ddc
|
| 952 |
|
|
|0 0
|1 1
|2 ddc
|4 0
|6 155_500000000000000_CAN
|7 0
|9 289414
|a LISK
|b LISK
|d 2021-01-17
|e 24
|f 0
|g 0.00
|l 0
|o 155.5 CAN
|p 92410030282
|r 2021-01-17 00:00:00
|t 1
|v 2021.00
|w 2021-01-17
|y BK15
|x 20070111 0 1
|x GrPaTEI
|
| 971 |
|
|
|a .b26558439
|b 15-04-20
|c 23-09-16
|
| 999 |
|
|
|c 168904
|d 168904
|